Latin for lawyers

Сохранить в:
Библиографические подробности
Главный автор: Hilton, E. J.
Формат:
Предметы:
Метки: Добавить метку
Нет меток, Требуется 1-ая метка записи!

MARC

LEADER 00000nam a22000007a 4500
005 20260415095303.0
020 |a 9780963010643  |c TZS 63,000/= 
020 |a 9781616193706 
040 |a MCCL  |b eng.  |e AACR 2nd rev. ed. 
082 |a 478.202434 JAC 
100 |a Hilton, E. J. 
245 |a Latin for lawyers  |c /E. Hilton Jackson 
300 |a viii,300 P.:  |c 22 cm. 
546 |a eng. 
650 |a Latin maxims 
650 |a Legal maxims 
650 |a Latin vocabulary 
942 |c BK 
999 |c 12634  |d 12634